000 00339nam a2200145Ia 4500
008 150201s2009 xx 000 0 und d
082 _a617.6
_bO09B
100 _aBHALAJHI,S I
245 _aORTHODONTICS THE ART & SCIENCE
250 _a4TH
260 _bARYA PUB.
_aDELHI
_c2009
300 _a1-552
650 _aDENTISTRY
942 _2ddc
_cBK
999 _c395
_d395